000
00355nam a2200133Ia 4500
008
100328s9999 xx 000 0 und d
082
_b
35049
100
_a
वनारसे वि.ब.
245
_a
कामिनी
260
_b
ललितसाहित्य
630
_a
कामिनी
730
_a
कामिनी
942
_c
BOOK
999
_c
525051
_d
525048